Digital Systems Principles and Applications (6th-ed. 827p) (Record no. 8424)

MARC details
000 -LEADER
fixed length control field 00464nam a2200181Ia 4500
008 - FIXED-LENGTH DATA ELEMENTS--GENERAL INFORMATION
fixed length control field 230524s9999 xx 000 0 und d
020 ## - INTERNATIONAL STANDARD BOOK NUMBER
ISBN 8120309855
082 ## - DEWEY DECIMAL CLASSIFICATION NUMBER
Classification number 621.38219
Item number TOC
100 ## - MAIN ENTRY--AUTHOR NAME
Personal name Ronald J.Tocci
245 #0 - TITLE STATEMENT
Title Digital Systems Principles and Applications (6th-ed. 827p)
250 ## - EDITION STATEMENT
Edition statement 6TH
260 ## - PUBLICATION, DISTRIBUTION, ETC. (IMPRINT)
Place of publication NEW DELHI
Name of publisher PHI
Year of publication 1989
300 ## - PHYSICAL DESCRIPTION
Number of Pages XI;411
500 ## - GENERAL NOTE
General note Quantity Number: 3
650 ## - SUBJECT ADDED ENTRY--TOPICAL TERM
Topical Term Electronics
700 ## - ADDED ENTRY--PERSONAL NAME
Personal name Neal S.Widmer
942 ## - ADDED ENTRY ELEMENTS (KOHA)
Koha item type Books
Holdings
Lost status Damaged status Permanent Location Current Location Shelving location Date acquired Full call number Accession Number Koha item type
    Central Library, Trident Academy of Technology Central Library, Trident Academy of Technology General Stacks 05/24/2023 621.38219 TOC 4186 Books
    Central Library, Trident Academy of Technology Central Library, Trident Academy of Technology General Stacks 05/24/2023 621.38219 TOC 5325 Books
    Central Library, Trident Academy of Technology Central Library, Trident Academy of Technology General Stacks 05/24/2023 621.38219 TOC 9032 Books
Trident Academy of Technology © 2023.
All rights reserved.                                                                                                                                                                                                        Designed by Team of Central Library .

Powered by Koha